[Event "Dubai op 22nd"]
[Site "Dubai"]
[Date "2022.08.28"]
[Round "2"]
[White "Arjun, Kalyan"]
[Black "Sultan, Ibrahim"]
[Result "1-0"]
[WhiteElo "2513"]
[BlackElo "2108"]
[PlyCount "62"]
[EventDate "2022.08.27"]
[EventType "swiss"]
[EventRounds "9"]
[EventCountry "UAE"]
[SourceTitle "CBM 210 Extra"]
[Source "ChessBase"]
[SourceDate "2022.11.30"]
[SourceVersion "1"]
[SourceVersionDate "2022.11.30"]
[SourceQuality "1"]

1. e4 e5 2. Nf3 Nc6 3. Bc4 Nf6 4. d3 Bc5 5. Bg5 h6 6. Bh4 g5 7. Bg3 d6 8. c3 a6 9. Nbd2 Qe7 10. 0-0 Bg4 11. b4 Ba7 12. a4 Nh5 13. Kh1 Qf6 14. b5 Ne7 15. bxa6 bxa6 16. h3 Bxf3 17. Nxf3 a5 18. d4 Nf4 19. Rb1 Rb8 20. Rxb8+ Bxb8 21. Qb3 0-0 22. Qb5 Neg6 23. Qxa5 h5 24. Qa6 c6 25. Bb5 g4 26. hxg4 h4 27. g5 Qe6 28. Bxf4 Nxf4 29. Qxc6 Qg4 30. Ne1 Qxg5 31. Qb6 Kg7 1-0

[Event "Olympiad-44"]
[Site "Chennai"]
[Date "2022.08.03"]
[Round "6.2"]
[White "Sultan, Ibrahim"]
[Black "Manan, Yoboue Hermann"]
[Result "1-0"]
[WhiteElo "2108"]
[BlackElo "2066"]
[PlyCount "83"]
[EventDate "2022.07.29"]
[EventType "team-swiss"]
[EventRounds "11"]
[EventCountry "IND"]
[SourceTitle "CBM 210"]
[Source "ChessBase"]
[SourceDate "2022.10.31"]
[SourceVersion "1"]
[SourceVersionDate "2022.10.31"]
[SourceQuality "1"]
[WhiteTeam "United Arab Emirates"]
[BlackTeam "Ivory Coast"]
[WhiteTeamCountry "UAE"]
[BlackTeamCountry "IVO"]

1. d4 d5 2. c4 e6 3. Nc3 Nf6 4. cxd5 exd5 5. Bg5 c6 6. e3 h6 7. Bh4 Be7 8. Bd3 0-0 9. Qc2 Re8 10. Nge2 Nbd7 11. 0-0 Ne4 12. Bxe7 Qxe7 13. Rae1 Ndf6 14. f3 Nxc3 15. Nxc3 Qd6 16. Qf2 c5 17. Nb5 Qb6 18. dxc5 Qxc5 19. Rc1 Qxe3 20. Nc7 Qxd3 21. Nxa8 Bd7 22. Qxa7 Re2 23. Rf2 Qd2 24. Rcf1 Bb5 25. Nc7 Bd3 26. Qd4 Re1 27. h4 Qd1 28. Rxe1 Qxe1+ 29. Kh2 Qe7 30. Nxd5 Nxd5 31. Qxd3 Qxh4+ 32. Kg1 Nf4 33. Qd7 Qg5 34. Qg4 Qe5 35. Qc8+ Kh7 36. Qc2+ f5 37. Qd2 g5 38. Rf1 Ne2+ 39. Kf2 Nf4 40. Rd1 Qc5+ 41. Qd4 Qc2+ 42. Rd2 1-0

[Event "Olympiad-44"]
[Site "Chennai"]
[Date "2022.08.02"]
[Round "5.3"]
[White "Abdyzhapar, Asylbek"]
[Black "Sultan, Ibrahim"]
[Result "1-0"]
[WhiteElo "2306"]
[BlackElo "2108"]
[PlyCount "61"]
[EventDate "2022.07.29"]
[EventType "team-swiss"]
[EventRounds "11"]
[EventCountry "IND"]
[SourceTitle "CBM 210"]
[Source "ChessBase"]
[SourceDate "2022.10.31"]
[SourceVersion "1"]
[SourceVersionDate "2022.10.31"]
[SourceQuality "1"]
[WhiteTeam "Kyrgyzstan"]
[BlackTeam "United Arab Emirates"]
[WhiteTeamCountry "KGZ"]
[BlackTeamCountry "UAE"]

1. e4 e5 2. Nf3 Nc6 3. Bb5 a6 4. Ba4 Nf6 5. 0-0 Be7 6. Re1 b5 7. Bb3 d6 8. c3 0-0 9. h3 Na5 10. Bc2 c5 11. d4 Qc7 12. Nbd2 cxd4 13. cxd4 Bd7 14. Nf1 Nc6 15. Ne3 Nb4 16. Bb1 a5 17. a3 Na6 18. b3 Rfe8 19. Bb2 exd4 20. Nxd4 g6 21. Qf3 Nc5 22. Bc2 Qd8 23. Rad1 Ne6 24. Nxe6 fxe6 25. e5 dxe5 26. Bxe5 Rf8 27. Ng4 Nxg4 28. Qxg4 Rf5 29. Bxf5 exf5 30. Qf3 Qc8 31. Rxd7 1-0

[Event "Olympiad-44"]
[Site "Chennai"]
[Date "2022.07.29"]
[Round "1.2"]
[White "Nihal, Sarin"]
[Black "Sultan, Ibrahim"]
[Result "1-0"]
[WhiteElo "2651"]
[BlackElo "2108"]
[PlyCount "123"]
[EventDate "2022.07.29"]
[EventType "team-swiss"]
[EventRounds "11"]
[EventCountry "IND"]
[SourceTitle "CBM 210"]
[Source "ChessBase"]
[SourceDate "2022.10.31"]
[SourceVersion "1"]
[SourceVersionDate "2022.10.31"]
[SourceQuality "1"]
[WhiteTeam "India II"]
[BlackTeam "United Arab Emirates"]
[WhiteTeamCountry "IND"]
[BlackTeamCountry "UAE"]

1. e4 e5 2. Nf3 Nc6 3. Bb5 a6 4. Ba4 Nf6 5. 0-0 Be7 6. d3 b5 7. Bb3 d6 8. Bd2 0-0 9. h3 Re8 10. Re1 Bf8 11. a3 h6 12. Nc3 Na5 13. Ba2 c6 14. b4 Nb7 15. Ne2 Be6 16. Bxe6 Rxe6 17. Ng3 d5 18. exd5 Qxd5 19. Qe2 Rae8 20. c4 Qd7 21. Bc3 e4 22. dxe4 Nxe4 23. Nxe4 Rxe4 24. Qxe4 Rxe4 25. Rxe4 Qd3 26. Re3 Qxc4 27. Rd1 Nd6 28. Be5 Nf5 29. Rc3 Qe4 30. Rd8 f6 31. Bb8 h5 32. Rc1 Kf7 33. Rd7+ Kg8 34. Re1 Qc4 35. Re8 Qc1+ 36. Kh2 Qxa3 37. Rdd8 Qxb4 38. Rxf8+ Qxf8 39. Rxf8+ Kxf8 40. g4 hxg4 41. hxg4 Ne7 42. Nd4 Ke8 43. Nb3 c5 44. Nxc5 a5 45. Kg3 Nc6 46. Bc7 a4 47. Kf4 a3 48. Ke4 a2 49. Nb3 g6 50. Bb6 Kd7 51. f4 Nb4 52. Bd4 Ke6 53. f5+ gxf5+ 54. gxf5+ Kf7 55. Nc1 Kg7 56. Bc3 Kf7 57. Nb3 Nc6 58. Bb2 Kg7 59. Kd5 Nb4+ 60. Ke6 Nd3 61. Bxf6+ Kg8 62. Be5 1-0

[Event "Sharjah Blitz op 27th"]
[Site "Sharjah"]
[Date "2022.04.08"]
[Round "1"]
[White "Abrar Mohammed, Almaazmi"]
[Black "Sultan, Ibrahim"]
[Result "0-1"]
[WhiteElo "1153"]
[BlackElo "2052"]
[PlyCount "90"]
[EventDate "2022.04.08"]
[EventType "swiss (blitz)"]
[EventRounds "9"]
[EventCountry "UAE"]
[SourceTitle "CBM 207 Extra"]
[Source "ChessBase"]
[SourceDate "2022.05.31"]
[SourceVersion "1"]
[SourceVersionDate "2022.05.31"]
[SourceQuality "1"]

1. e4 e6 2. Nf3 d5 3. exd5 exd5 4. Nc3 Nf6 5. d4 Bd6 6. Bg5 c6 7. Qd2 0-0 8. 0-0-0 Bf5 9. Bd3 Bxd3 10. Qxd3 Nbd7 11. Rhe1 Qc7 12. Bxf6 Nxf6 13. h3 Rfe8 14. Rxe8+ Rxe8 15. Re1 Rxe1+ 16. Nxe1 Bb4 17. a3 Qf4+ 18. Kb1 Qxf2 19. axb4 Qxe1+ 20. Qd1 Qxd1+ 21. Nxd1 Ne4 22. Ne3 g6 23. c4 Nd2+ 24. Kc2 Nxc4 25. Nxc4 dxc4 26. Kc3 Kf8 27. Kxc4 Ke7 28. d5 Kd6 29. dxc6 Kxc6 30. b5+ Kd6 31. b4 f5 32. g3 Ke5 33. Kc5 g5 34. b6 a6 35. b5 axb5 36. Kxb5 Kd4 37. Kb4 f4 38. gxf4 gxf4 39. Kb3 f3 40. Kb4 f2 41. Kb3 f1Q 42. Kb2 Kd3 43. Kb3 Qb1+ 44. Ka3 Kc3 45. Ka4 Qb4# 0-1

[Event "Sharjah Blitz op 27th"]
[Site "Sharjah"]
[Date "2022.04.08"]
[Round "2"]
[White "Sultan, Ibrahim"]
[Black "Saeed, M Nami"]
[Result "1-0"]
[WhiteElo "2052"]
[BlackElo "1228"]
[PlyCount "89"]
[EventDate "2022.04.08"]
[EventType "swiss (blitz)"]
[EventRounds "9"]
[EventCountry "UAE"]
[SourceTitle "CBM 207 Extra"]
[Source "ChessBase"]
[SourceDate "2022.05.31"]
[SourceVersion "1"]
[SourceVersionDate "2022.05.31"]
[SourceQuality "1"]

1. d4 d5 2. c4 e6 3. Nc3 Nf6 4. cxd5 exd5 5. Bg5 Be7 6. e3 0-0 7. Qc2 h6 8. Bh4 c6 9. Bd3 Re8 10. h3 Be6 11. 0-0-0 Nbd7 12. g4 Rc8 13. f4 Nb6 14. Nf3 c5 15. Bxf6 Bxf6 16. Rdg1 cxd4 17. exd4 Qd6 18. Ne5 Bd7 19. g5 hxg5 20. fxg5 Bxe5 21. dxe5 Qxe5 22. Qf2 Qe3+ 23. Qxe3 Rxe3 24. Kd2 Rxh3 25. Rxh3 Bxh3 26. Nb5 a6 27. Nd6 Rc7 28. Rh1 Be6 29. Re1 Nc4+ 30. Bxc4 dxc4 31. Kc3 b5 32. g6 Rd7 33. Ne4 fxg6 34. Nc5 Rf7 35. Rxe6 Rf3+ 36. Kb4 Rf2 37. b3 Rxa2 38. bxc4 bxc4 39. Kxc4 Kf7 40. Re3 Rc2+ 41. Kd5 Rd2+ 42. Ke5 Ke7 43. Nxa6 Ra2 44. Nc5 Ra5 45. Kd5+ 1-0

[Event "Chigorin Memorial 28th"]
[Site "St Petersburg"]
[Date "2021.10.27"]
[Round "5"]
[White "Sultan, Ibrahim"]
[Black "Klobukov, Sergey"]
[Result "1-0"]
[WhiteElo "2098"]
[BlackElo "1572"]
[PlyCount "103"]
[EventDate "2021.10.23"]
[EventType "swiss"]
[EventRounds "9"]
[EventCountry "RUS"]
[SourceTitle "EXT 2023"]
[Source "ChessBase"]
[SourceDate "2022.10.05"]
[SourceVersion "1"]
[SourceVersionDate "2022.10.05"]
[SourceQuality "1"]

1. c4 g6 2. Nc3 Bg7 3. g3 c6 4. Bg2 d6 5. Nf3 Nf6 6. 0-0 0-0 7. d4 Nbd7 8. Bg5 h6 9. Bc1 Qc7 10. e4 e5 11. d5 Nb6 12. Qe2 Bd7 13. b3 cxd5 14. Nxd5 Nbxd5 15. cxd5 a6 16. Nd2 Bb5 17. Nc4 Rfc8 18. Ba3 Bxc4 19. bxc4 Qxc4 20. Qe3 Bf8 21. Bh3 Rd8 22. Rae1 b5 23. f4 b4 24. fxe5 dxe5 25. Qf3 Rd6 26. Bb2 Re8 27. Rf2 a5 28. Bf1 Qc8 29. h3 Qb8 30. Rc1 Qa7 31. Bb5 Nxe4 32. Qxe4 Rf6 33. Qe2 Rd8 34. Bc6 Bc5 35. Rxc5 Qxc5 36. Bxe5 Rf5 37. Bb2 a4 38. Bxa4 Rfxd5 39. Bb3 Rf5 40. Ba1 Qc1+ 41. Qf1 Qc5 42. Kg2 Qc6+ 43. Kh2 Rxf2+ 44. Qxf2 Rd7 45. Qb2 Kf8 46. Qg7+ Ke7 47. Qxf7+ Kd8 48. Qf8+ Kc7 49. Be5+ Kb6 50. Qxb4+ Ka7 51. Ba4 Qa6 52. Qb8# 1-0

[Event "Asian University"]
[Site "Tornelo INT"]
[Date "2021.09.11"]
[Round "5"]
[White "Al Darwashi, Usama"]
[Black "Sultan, Ibrahim"]
[Result "0-1"]
[WhiteElo "1459"]
[BlackElo "2098"]
[PlyCount "130"]
[EventDate "2021.09.10"]
[EventType "swiss (rapid)"]
[EventRounds "9"]
[EventCountry "NET"]
[SourceTitle "CBM 204 Extra"]
[Source "ChessBase"]
[SourceDate "2021.11.30"]
[SourceVersion "1"]
[SourceVersionDate "2021.11.30"]
[SourceQuality "1"]

1. d4 d5 2. c4 e6 3. Nf3 Nf6 4. g3 dxc4 5. Qa4+ Nbd7 6. Qxc4 a6 7. Bg2 b5 8. Qc6 Rb8 9. 0-0 Bb7 10. Qc2 c5 11. Bf4 Rc8 12. dxc5 Bxc5 13. Qd2 b4 14. Bg5 Qb6 15. Bxf6 Nxf6 16. e3 0-0 17. a3 Rfd8 18. Qe1 a5 19. axb4 axb4 20. Kh1 Ne4 21. Nbd2 Be7 22. Nxe4 Bxe4 23. Rc1 Bf6 24. Rxc8 Rxc8 25. b3 Qc6 26. Qe2 Qc3 27. Qa6 Ra8 28. Qc4 Bd5 29. Qxc3 bxc3 30. Nd4 Bxd4 31. exd4 Rb8 32. Bxd5 exd5 33. Rc1 Rxb3 34. Kg1 g5 35. Kf1 Kg7 36. f4 gxf4 37. gxf4 Kg6 38. Ke2 Kf5 39. Kd3 f6 40. Kc2 Rb2+ 41. Kxc3 Rxh2 42. Kd3 Rh3+ 43. Ke2 Ke4 44. Rd1 Rh2+ 45. Kf1 Kxf4 46. Kg1 Ra2 47. Rf1+ Kg3 48. Kh1 f5 49. Rg1+ Kh3 50. Rf1 f4 51. Rf3+ Kg4 52. Rf1 Kg3 53. Rg1+ Kh3 54. Rf1 Ra3 55. Kg1 Kg3 56. Rd1 f3 57. Kh1 h5 58. Rf1 Rd3 59. Rc1 Rxd4 60. Rb1 Re4 61. Rg1+ Kf2 62. Rf1+ Kxf1 63. Kh2 Kf2 64. Kh3 Rf4 65. Kh2 Rh4# 0-1

[Event "Asia zt 3.1 Online"]
[Site "Tornelo INT"]
[Date "2021.06.03"]
[Round "3"]
[White "Idani, Pouya"]
[Black "Sultan, Ibrahim"]
[Result "1-0"]
[WhiteElo "2614"]
[BlackElo "2076"]
[PlyCount "43"]
[EventDate "2021.06.01"]
[EventType "swiss"]
[EventRounds "9"]
[EventCountry "NET"]
[SourceTitle "CBM 202 Extra"]
[Source "ChessBase"]
[SourceDate "2021.07.31"]
[SourceVersion "1"]
[SourceVersionDate "2021.07.31"]
[SourceQuality "1"]

1. c4 e6 2. g3 Nf6 3. Bg2 d5 4. Nf3 Be7 5. d4 0-0 6. Nc3 c6 7. 0-0 Nbd7 8. Nd2 e5 9. dxe5 Nxe5 10. cxd5 cxd5 11. Nb3 Be6 12. Bg5 Nc6 13. Rc1 Rc8 14. e3 h6 15. Bxf6 Bxf6 16. Nxd5 Bxb2 17. Rc2 Bxd5 18. Bxd5 Qf6 19. Nc5 Rc7 20. Ne4 Qe5 21. f4 Qf5 22. g4 1-0